000
00280 a2200133 4500
001
150949
040
_c
Escola São Tomás de Aquino
240
1
0
_a
Vida moderna
_l
por
245
1
0
_a
Vida moderna
362
0
_a
1995
440
1
_a
Lê
697
_a
*LITERATURA INFANTO
942
_c
BK
999
_c
150949
_d
150949